Els grans comtes de Barcelona / (Record no. 172119)

MARC details
000 -LEADER
campo de control de longitud fija 00579nam a22001815i 4500
001 - NÚMERO DE CONTROL
campo de control 172119
003 - IDENTIFICADOR DE NÚMERO DE CONTROL
campo de control ES-MaACL
005 - FECHA Y HORA DE LA ÚLTIMA TRANSACCIÓN
campo de control 20230906214824.0
008 - DATOS DE LONGITUD FIJA--INFORMACIÓN GENERAL
campo de control de longitud fija 090615s1961 sp |||| | cat d
080 ## - NÚMERO DE LA CLASIFICACIÓN DECIMAL UNIVERSAL
Número de la Clasificación Decimal Universal 946.71"10"
100 1# - ENTRADA PRINCIPAL--NOMBRE DE PERSONA
Nombre de persona Sobrequés i Vidal, Santiago.
9 (RLIN) 106999
245 14 - MENCIÓN DEL TÍTULO
Título Els grans comtes de Barcelona /
Mención de responsabilidad, etc. per S. Sobrequés i Vidal.
250 ## - MENCION DE EDICION
Mención de edición [1ª ed.].
260 ## - PUBLICACIÓN, DISTRIBUCIÓN, ETC.
Lugar de publicación, distribución, etc. Barcelona :
Nombre del editor, distribuidor, etc. Vicens-Vives,
Fecha de publicación, distribución, etc. 1961.
300 ## - DESCRIPCIÓN FÍSICA
Extensión 226 p., 1 h. de lám., 2 gráf. pleg. ;
Dimensiones 21 cm.
651 #4 - PUNTO DE ACCESO ADICIONAL DE MATERIA--NOMBRE GEOGRÁFICO
Nombre geográfico Cataluña-
Subdivisión general Historia-
Subdivisión cronológica S.XI.
9 (RLIN) 140696
852 ## - LOCALIZACIÓN
Ubicación ES-MaACL
Número de control de estantería C-20466
itemnumber R.48259
Holdings
Estatus retirado Estado de pérdida Estado de daño No para préstamo Biblioteca de origen Biblioteca actual Ubicación en estantería Fecha de adquisición Fuente de adquisición Total de préstamos Signatura topográfica completa Código de barras Visto por última vez Precio de reemplazo Tipo de ítem Koha
        Biblioteca del Ateneo de Madrid Biblioteca del Ateneo de Madrid Galería 15/06/2009     C-20466 1180627 23/02/2023 23/02/2023 Libro impreso